LEADER 01120nam0 22002891i 450 001 RML0299869 005 20231121125742.0 100 $a20121121d2006 ||||0itac50 ba 101 | $aita 102 $ait 181 1$6z01$ai $bxxxe 182 1$6z01$an 200 1 $aParco Nazionale del Circeo$fFranco Salvatori, Elodia Rossi 210 $aRoma $cSocietà Geografica Italiana $d©2006 215 $a112 p.$d21 cm 225 | $aParchi Nazionali. - Roma $eSocietà Geografica Italiana 410 0$1001RML0331577$12001 $aParchi Nazionali. - Roma $eSocietà Geografica Italiana 700 1$aSALVATORI$b, Franco$3RMLV149968$0129338 701 1$aRossi$b, Elodia$3RMLV193575$0272011 801 3$aIT$bIT-01$c20121121 850 $aIT-FR0017 899 $aBiblioteca umanistica Giorgio Aprea$bFR0017 912 $aRML0299869 950 0$aBiblioteca umanistica Giorgio Aprea$d 52CIS D.M.A.B/127$e 52VM 0000698275 VM barcode:68030-10. - Inventario:30283 FLSVM$fA $h20070705$i20121204 977 $a 52 996 $aParco nazionale del Circeo$9730712 997 $aUNICAS